1695 1387 1063 1528 1954 1702 1072 1201 1173 1859 1763 1404 1960 1669 1535 1448 1331 1169 1671 1766 1061 1871 1244 1465 1758 1689 1115 1052 1532 1558 1920 1296 1841 1647 1163 1135 1880 1359 1077 1542 1146 1356 1324 1338 1129 1923 1901 1299 1685 1253 1358 1073 1394 1362 1255 1307 1136 1664 1072 1316 1897 1250 1458 1540 1495 1992 1180 1091 1497 1046 1359 1153 1017 1956 1819 1291 1509 1514 1089 1110 1846 1439 1166 1601 1985 1415 1000 1839 1386 1107 1065 1921 1939 1542 1487 1614 1754 1359 1583 BCNSPRNW ULIB Ver.6.0+V

เปลี่ยนเป็นภาษาไทย

Change to English
 แสดงรายละเอียดบรรณานุกรม
  กลับหน้าหลัก

Brief Record : Get Marc (ISO 2709) : E-mail record : QR code < ปิดหน้าต่าง
LEADER : 00000nam 2200000uu 4500
001    13399113459
003     ULIB
008    110714s2550||||th 000 0 tha d
020    9789748099491
090    นว.^bง821ส 2550
100 0  เงาตะวัน
245 00 เสน่หาในรอยทราย/^cเงาตะวัน
250    พิมพ์ครั้งที่ 1
260    กรุงเทพฯ :^bลีลา,^c2550
300    279 หน้า
710 1  ลีลา
945    ^p200^l0^i022066
995    ทศพร
999     ^aใช้งานได้ทุกระบบ
รายการนี้ยังไม่มีแท็ก
คุณยังไม่ได้ล็อกอิน คุณสามารถมีกิจกรรมร่วมกับเว็บไซต์ได้ แต่ต้องล็อกอินก่อน ::
  ล็อกอิน

รายการสื่อสารสนเทศ

ลำดับที่ ประเภท เลขเรียก/บาร์โค้ด สถานที่ สถานะ
1. นวนิยาย
นวนิยาย
นว. ง821ส 2550 ฉ.1 
  Barcode: 022066
ห้องสมุดวิทยาเขตสวรรค์ประชารักษ์
►นวนิยาย
บนชั้น
  ขอยืม

รายการใกล้เคียง
    ผู้แต่ง [เงาตะวัน]

BibComment


ยังไม่เคยถูกคอมเมนท์

คอมเมนท์ทรัพยากรรายการนี้
  คอมเมนท์: เสน่หาในรอยทราย เ..


 Copyright 2026. Bcnsprnw @Library